Les formes du relief terrestre : Notions de géomorphologie (notice n° 1972612)

détails MARC
000 -LEADER
fixed length control field 01341cam a2200133 4500500
005 - DATE AND TIME OF LATEST TRANSACTION
control field 20260329040506.0
041 ## - LANGUAGE CODE
Language code of text/sound track or separate title fre
042 ## - AUTHENTICATION CODE
Authentication code dc
100 10 - MAIN ENTRY--PERSONAL NAME
Personal name Derruau, Max
Relator term author
245 00 - TITLE STATEMENT
Title Les formes du relief terrestre : Notions de géomorphologie
260 ## - PUBLICATION, DISTRIBUTION, ETC.
Name of publisher, distributor, etc. Armand Colin,<br/>
Date of publication, distribution, etc. 2010.<br/>
520 ## - SUMMARY, ETC.
Summary, etc. Science évolutive, la géomorphologie a connu de nombreuses orientations et des approches diverses que l'auteur a souhaité exposer et discuter. Quatre grandes parties articulent l'ouvrage : l'érosion, la géographie structurale, la géomorphologie climatique et la géomorphologie littorale. Les formes du relief terrestre présente dans un style simple, dense, mais accessible, les données de base de la géomorphologie. Outil de travail essentiel, l'ouvrage s'adresse tout particulièrement aux étudiants de premier cycle de géographie et peut aussi accompagner les études de géologie, d'écologie et d'histoire. Ses éditions successives remettent chaque fois à jour les connaissances essentielles, en se défiant des modes éphémères et en se fondant sur les acquis les plus solides. Plus de 110 figures illustrent le propos et un index de plus de 500 termes facilite la consultation de l'ouvrage.
856 41 - ELECTRONIC LOCATION AND ACCESS
Uniform Resource Identifier <a href="https://shs.cairn.info/les-formes-du-relief-terrestre--9782200244286?lang=fr&redirect-ssocas=7080">https://shs.cairn.info/les-formes-du-relief-terrestre--9782200244286?lang=fr&redirect-ssocas=7080</a>

Pas d'exemplaire disponible.

PLUDOC

PLUDOC est la plateforme unique et centralisée de gestion des bibliothèques physiques et numériques de Guinée administré par le CEDUST. Elle est la plus grande base de données de ressources documentaires pour les Étudiants, Enseignants chercheurs et Chercheurs de Guinée.

Adresse

627 919 101/664 919 101

25 boulevard du commerce
Kaloum, Conakry, Guinée

Réseaux sociaux

Powered by Netsen Group @ 2025